Ewige Tabelle der 2. Fußball-Bundesliga - Statistiken

Allgemein
  • Dieses Quiz wurde 477 mal gespielt
  • Das Durchschnittsergebnis liegt bei 36 aus 125
Antwortstatistiken
Platz Punkte Verein % Korrekt
39 470 1. FC Köln
65%
14 1022 1. FC Nürnberg
60%
2 1481 Alemannia Aachen
58%
31 568 1. FC Kaiserslautern
57%
47 357 Eintracht Frankfurt
57%
65 202 VfB Stuttgart
57%
4 1371 FC St. Pauli
56%
5 1322 Hannover 96
56%
20 851 Eintracht Braunschweig
55%
26 693 VfL Bochum
55%
3 1376 Fortuna Köln
54%
56 295 Dynamo Dresden
53%
43 388 Hansa Rostock
53%
1 1517 SpVgg Greuther Fürth
53%
87 137 Borussia Dortmund
52%
25 719 Fortuna Düsseldorf
52%
7 1260 SC Freiburg
52%
8 1170 Karlsruher SC
51%
13 1038 TSV 1860 München
51%
95 98 Werder Bremen
51%
16 1018 Arminia Bielefeld
50%
71 182 Borussia Mönchengladbach
50%
24 748 Rot-Weiss Essen
50%
19 879 Hertha BSC Berlin
48%
6 1264 Stuttgarter Kickers
48%
50 336 FC Schalke 04
47%
66 193 Holstein Kiel
47%
9 1107 VfL Osnabrück
47%
51 333 VfL Wolfsburg
47%
11 1072 MSV Duisburg
45%
92 117 RB Leipzig
45%
12 1064 Waldhof Mannheim
45%
17 1000 1. FC Saarbrücken
43%
33 564 1. FC Union Berlin
43%
37 505 Energie Cottbus
43%
28 653 FSV Frankfurt
43%
38 504 SpVgg Unterhaching
42%
10 1076 SV Darmstadt 98
42%
32 566 FC Augsburg
41%
23 757 Kickers Offenbach
40%
107 52 Rot-Weiß Erfurt
40%
22 768 Rot-Weiß Oberhausen
39%
60 234 SV Sandhausen
39%
48 347 Carl Zeiss Jena
37%
18 962 1. FSV Mainz 05
36%
30 617 Bayer 05/KFC Uerdingen
36%
35 510 Preußen Münster
36%
105 60 TSG 1899 Hoffenheim
36%
106 55 Würzburger Kickers
36%
73 179 1. FC Heidenheim
35%
45 375 Eintracht Trier
34%
57 292 VfB Leipzig
34%
78 163 VfB Lübeck
34%
36 508 Erzgebirge Aue
33%
40 461 Hessen Kassel
32%
41 430 Tennis Borussia Berlin
32%
83 151 TuS Koblenz
32%
94 101 Borussia Neunkirchen
30%
55 300 FC Ingolstadt 04
30%
42 402 SC Paderborn 07
29%
104 71 SV Wehen Wiesbaden
29%
91 121 VfR Aalen
29%
113 34 Hallescher FC
27%
49 338 Wuppertaler SV
27%
53 316 Chemnitzer FC
25%
81 154 FSV Zwickau
25%
52 323 LR/Rot-Weiss Ahlen
25%
15 1021 SG Wattenscheid 09
25%
77 170 SSV Jahn Regensburg
25%
64 215 VfB Oldenburg
25%
34 511 SV Meppen
24%
44 379 Blau-Weiß 90 Berlin
22%
84 148 SSV Reutlingen
22%
46 365 SSV Ulm 1846
22%
21 841 FC 08 Homburg
21%
108 47 Bonner SC
20%
63 216 Wacker Burghausen
19%
29 622 SpVgg Bayreuth
18%
124 18 SV Babelsberg 03
18%
54 302 Wormatia Worms
18%
85 144 FK Pirmasens
17%
90 125 Viktoria Aschaffenburg
17%
67 192 Schwarz-Weiß Essen
16%
125 10 Spandauer SV
16%
116 31 Sportfreunde Siegen
16%
76 173 Arminia Hannover
15%
88 134 FC Gütersloh
15%
122 25 FSV Salmrohr
15%
114 34 VfR Mannheim
15%
68 192 BVL/FC Remscheid
14%
121 25 TSV Havelse
14%
27 670 Union Solingen
14%
99 91 MTV Ingolstadt
13%
62 216 Westfalia Herne
13%
86 141 1. FC Schweinfurt 05
12%
58 237 Freiburger FC
12%
102 80 OSC Bremerhaven
11%
72 180 VfR Bürstadt
11%
98 92 ESV Ingolstadt
10%
89 129 KSV Baunatal
10%
79 159 SC Viktoria Köln
10%
110 40 VfR Heilbronn
10%
118 29 VfB Eppingen
9%
59 236 Bayer 04 Leverkusrn
8%
117 31 Eintracht Bad Kreuznach
8%
61 218 FC Bayern Hof
8%
103 75 OSV Hannover
8%
80 155 Rot-Weiß Lüdenscheid
8%
111 39 SC Charlottenburg
8%
93 106 SpVgg Erkenschwick
8%
115 31 Stahl Brandenburg
8%
69 189 1. SC Göttingen
7%
70 185 Röchling Völklingen
7%
112 37 TSR Olympia Wilhelmshaven
7%
119 29 TuS Schloß Neuhaus
7%
123 19 BSV Schwenningen
5%
96 97 DSC Wanne-Eickel
5%
120 26 HSV Barmbek-Uhlenhorst
5%
74 178 SC Herford
5%
100 88 1. FC Mühlheim
4%
82 153 Wacker 04 Berlin
4%
97 97 1. FC Bocholt
3%
101 83 DJK Gütersloh
3%
75 175 FV Würzburg 04
3%
109 40 FC Hanau 93
1%
Keine übereinstimmenden Quizze gefunden
Verteilung der Resultate
Anzahl Personen mit jedem Resultat
Perzentil nach korrekt beantworteten Fragen
Ihre Resultats-Entwicklung
Sie haben dieses Quiz noch nicht gespielt